| 000 | 00744nam a22002417a 4500 | ||
|---|---|---|---|
| 999 |
_c14657 _d14657 |
||
| 003 | AR-CdUCM | ||
| 008 | 190424b ||||| |||| 00| 0 spa d | ||
| 020 | _a84-7864-796-1 | ||
| 040 |
_aMUNICIPALIDAD PROVINCIAL DEL CUSCO _cBIBLIOTECA MUNICIPAL DEL CUSCO |
||
| 082 |
_aPI / 800.8 / _bG34 |
||
| 110 |
_aCombel _932671 |
||
| 245 | _aPepa pas / | ||
| 260 |
_aBarcelona : _bCombel editores, _c2003. |
||
| 300 |
_a24 paginas ; _bilustraciones, graficos, dibujos _c22 cm. |
||
| 500 | _aTextos de lectura para niños | ||
| 650 |
_aHistoria _9246 |
||
| 650 |
_aTextos educativos _910256 |
||
| 650 |
_aNiños _99390 |
||
| 700 |
_aGeis, Patricia _933517 |
||
| 856 | _fwww.combeleditorial.com | ||
| 942 |
_2ddc _cLIBROS |
||
| 945 |
_apjha _d2019-04-24 |
||